| 000 | 01046nam a22002417a 4500 | ||
|---|---|---|---|
| 999 |
_c60306 _d60306 |
||
| 003 | Ge_BSU | ||
| 005 | 20230627165929.0 | ||
| 008 | 230627s1997 ge ||||| |||| 00| 0 geo d | ||
| 020 | _a5511007471 | ||
| 041 | _ageo | ||
| 080 | _a75.01 ა-64 | ||
| 100 |
_aანდრიაძე, დავით _919013 |
||
| 245 |
_aფერწერა და იმაგინაცია / _cდავით ანდრიაძე; რედ. მ. დოლიძე; |
||
| 264 |
_aთბილისი : _bთბილ. უნტ-ის გამ-ბა, _c1997. |
||
| 300 |
_a196 გვ. ; _b20 სმ. |
||
| 500 | _aპარალ. თავფ. ინგლ. ენ. | ||
| 501 | _a შენიშვნები: გვ. 178-18 | ||
| 520 | _aრეზ. ინგლ. ენ. | ||
| 653 | _aფერწერის თეორია. | ||
| 653 | _aკულტურის ფილოსოფია. იკონოგრაფია. | ||
| 700 |
_aდოლიძე, მ. _eრედაქტორი _919014 |
||
| 942 |
_2udc _cBK |
||